Zwycięzcy konkursów indywidualnych w sezonie 2001/2002 - Statystyki

Ogólne statystyki
  • Ten quiz został rozwiązany 21 razy
  • Średni wynik to 5 z 8
Statystyki odpowiedzi
Liczba
zwycięstw
Skoczek/zawodnik % Poprawnych
7 Adam Małysz
100%
6 Sven Hannawald
90%
1 Martin Schmitt
80%
3 Matti Hautamäki
75%
1 Simon Ammann
60%
1 Risto Jussilainen
50%
2 Andreas Widhölzl
45%
1 Stephan Hocke
35%
Nie znaleziono quizów pasujących do podanych kryteriów
Rozkład punktacji
Procent ludzi z każdym wynikiem
Percentyl według liczby udzielonych odpowiedzi
Twoja historia wyników
Nie rozwiązałeś tego quizu